000
00197 a2200097 4500
020
_a
9781595669513
041
_a
spa
100
_a
Askew, Amanda
245
_a
Maquinas increibles, Gruas
942
_c
BK
999
_c
30929
_d
30927